000 01052nam a2200229 i 4500
001 159877
003 ES-MaACL
005 20250918063039.0
008 931025s1799 fr |||| | fre d
040 _aCAM
_bspa
_cPAB
100 1 _aMolière,
_d1622-1673
_981873
245 1 0 _aOeuvres /
_cde J.B. Poquelin de Moliere ; tome cinquieme.
250 _aEdition stereotype.
260 _aA Paris :
_bDe L'Imprimerie de P. Didot L'Aímé...,
_cau VII.
300 _a274 p. ;
_c12º.
505 8 _aContiene: Le Tartufe, P. 6-108. ; Amphitryon, P. 109-193. ; George Dandin ou le Mari Coinfondu, P. 195-274.
596 _aLa fecha : au VII de la Revolución francesa equivale al año 1799.
597 _aAntep.
597 _aSign.: [ ]2, 1-23 6.
852 _aES-MaACL
_jR-629
_z-- Enc. pasta española con hierros dorados
_x-- Edic.: las pp. son 274, [1], [1] en bl. -- En este ejemp. en pie de imp. consta : A Paris : de l'imprimerie et fonderie... de Pierre Didot l'Aîné et de Firmin Didot , An VII [1799]
999 _c159877
_d159877